000 00844nam a22002414a 4500
005 20090714115911.0
008 051001s2006 mauabf b 001 0 eng
010 _aENG-94415
020 _a007008049
_c450.00
020 _a978007008042
_c450.00
035 _aEN-77948
037 _bDBAD / PUB
040 _adpl
_bEnglish
082 _a336.54
100 _aKhan, M.Y.
245 _aIndian financial system /
_cby M.Y. Khan
250 _a6th ed.
260 _aNew Delhi
_bTata McGraw-Hill Publishing
_c2009
270 _a7 West Patel Nagar
_bNew Delhi
_e110008
300 _aVarious pagings
_c24cm(pbk)
942 _2ddc
_cEN
_mKHA
_h336.54
999 _c28258
_d28258